Jetsons Characters by Image Quiz Stats

Quiz Updated Feb 8, 2016

Challenge
Share
Tweet
Score 0/15 Timer 04:00
0 Plays Today
% Correct
George Jetson
97.9%
Elroy Jetson
90.9%
Jane Jetson
90.2%
Judy Jetson
89.4%
Astro
79.7%
Rosie
67%
Cosmo G. Spacely
63%
Mr. Cogswell
30.5%
% Correct
Henry Orbit
16.1%
Montague Jetson
13.9%
Jet Screamer
13.5%
R.U.D.I.
9.8%
Orbity
9.6%
Mac
5.1%
Arthur Spacely
4.5%

You're not logged in!

Compare scores with friends on all Sporcle quizzes.
Sign Up with Email
OR
Log In

You Might Also Like...

Show Comments

Extras

Top Quizzes Today


Score Distribution

Your Account Isn't Verified!

In order to create a playlist on Sporcle, you need to verify the email address you used during registration. Go to your Sporcle Settings to finish the process.